Tribhuvan University Central Library

A study of practices about method of teaching in mathematics at grade of primary level in Pokhara Sub-Metropolitan (Record no. 65503)

MARC details
000 -LEADER
fixed length control field 00537 a2200157 4500
008 - FIXED-LENGTH DATA ELEMENTS--GENERAL INFORMATION
fixed length control field 151001b xxu||||| |||| 00| 0 eng d
041 ## - LANGUAGE CODE
Language code of text/sound track or separate title English
082 ## - DEWEY DECIMAL CLASSIFICATION NUMBER
Classification number CD7608
100 ## - MAIN ENTRY--PERSONAL NAME
Personal name Rimal, Shivalal
-- 36520
245 ## - TITLE STATEMENT
Title A study of practices about method of teaching in mathematics at grade of primary level in Pokhara Sub-Metropolitan
260 ## - PUBLICATION, DISTRIBUTION, ETC. (IMPRINT)
Place of publication, distribution, etc Pokhara
Date of publication, distribution, etc 2011
502 ## - DISSERTATION NOTE
Dissertation note Dissertation
Degree type Degree in mathematics
Name of granting institution PNC
Year degree granted TU
650 ## - SUBJECT ADDED ENTRY--TOPICAL TERM
Topical term or geographic name as entry element Teahing methods
-- Teachers
-- Lecture methods
653 ## - INDEX TERM--UNCONTROLLED
Uncontrolled term Education Mathematics
942 ## - ADDED ENTRY ELEMENTS (KOHA)
Source of classification or shelving scheme Dewey Decimal Classification
Koha item type Audio Visual Materials
Holdings
Withdrawn status Lost status Source of classification or shelving scheme Damaged status Not for loan Home library Current library Date acquired Total Checkouts Full call number Barcode Date last seen Price effective from Koha item type
    Dewey Decimal Classification     Tribhuvan University Central Library Tribhuvan University Central Library 07/13/2012   CD7608 A7556 07/13/2012 07/13/2012 Audio Visual Materials